000 00479nam a2200157 a 4500
001 000028018
005 20200930031300.0
008 110406s1985 dr 000 0 spa d
040 _aDO-SdBNP
_bspa
_cBNPHU
082 _axxx
_bM425s
100 1 _aMateo Vásquez, Eddy
_97726
245 1 3 _aEl suroeste y la independencia nacional :
_bapuntes de conferencia /
_cEddy Mateo Vásquez.
260 _aSanto Domingo :
_bAlfa y Omega,
_c1985.
300 _a24 p. ;
_c21 cm.
049 _aBNPD
999 _c27510
_d27510